NBA 50 Point Double Doubles Since 2000 - Statistics

General Stats
  • This quiz has been taken 15 times
  • The average score is 90 of 99
Answer Stats
Date Team Points Rebounds Assists Answer % Correct
12/4/22 Lakers 55 17 1 Anthony Davis
100%
1/2/23 Cavaliers 71 8 11 Donovan Mitchell
100%
11/13/24 Bucks 59 14 7 Giannis Antetokounmpo
100%
12/13/23 Bucks 64 14 3 Giannis Antetokounmpo
100%
11/9/23 Bucks 54 12 3 Giannis Antetokounmpo
100%
2/2/23 Bucks 54 19 2 Giannis Antetokounmpo
100%
1/29/23 Bucks 50 13 4 Giannis Antetokounmpo
100%
1/3/23 Bucks 55 10 7 Giannis Antetokounmpo
100%
2/15/22 Bucks 50 14 4 Giannis Antetokounmpo
100%
1/2/22 Celtics 50 11 4 Jaylen Brown
100%
1/23/22 Celtics 51 10 7 Jayson Tatum
100%
1/22/24 76ers 70 18 5 Joel Embiid
100%
12/20/23 76ers 51 12 3 Joel Embiid
100%
12/6/23 76ers 50 13 7 Joel Embiid
100%
4/4/23 76ers 52 13 6 Joel Embiid
100%
12/11/22 76ers 53 12 3 Joel Embiid
100%
11/13/22 76ers 59 11 8 Joel Embiid
100%
1/19/22 76ers 50 12 2 Joel Embiid
100%
3/14/22 Timberwolves 60 17 3 Karl-Anthony Towns
100%
12/28/25 Clippers 55 11 2 Kawhi Leonard
100%
11/23/24 Hornets 50 5 10 LaMelo Ball
100%
3/5/22 Lakers 56 10 3 LeBron James
100%
3/12/26 Lakers 51 10 9 Luka Dončić
100%
1/26/24 Mavericks 73 10 7 Luka Dončić
100%
12/25/23 Mavericks 50 6 15 Luka Dončić
100%
12/27/22 Mavericks 60 21 10 Luka Dončić
100%
12/23/22 Mavericks 50 8 10 Luka Dončić
100%
12/25/25 Nuggets 56 16 15 Nikola Jokić
100%
11/12/25 Nuggets 55 12 6 Nikola Jokić
100%
4/1/25 Nuggets 61 10 10 Nikola Jokić
100%
12/7/24 Nuggets 56 16 8 Nikola Jokić
100%
10/28/24 Magic 50 13 9 Paolo Banchero
100%
4/1/25 Warriors 52 10 8 Stephen Curry
100%
11/8/21 Warriors 50 7 10 Stephen Curry
100%
1/3/22 Hawks 56 4 14 Trae Young
100%
1/2/05 Suns 50 11 3 Amar'e Stoudemire
92%
10/26/16 Pelicans 50 15 5 Anthony Davis
92%
2/21/16 Pelicans 59 20 4 Anthony Davis
92%
10/26/25 Lakers 51 11 9 Austin Reaves
92%
10/23/18 Pistons 50 14 6 Blake Griffin
92%
1/24/14 Knicks 62 13 0 Carmelo Anthony
92%
2/7/11 Nuggets 50 11 0 Carmelo Anthony
92%
3/16/21 Trailblazers 50 6 10 Damian Lillard
92%
2/1/20 Trailblazers 51 2 12 Damian Lillard
92%
1/26/20 Trailblazers 50 6 13 Damian Lillard
92%
1/20/20 Trailblazers 61 10 7 Damian Lillard
92%
12/20/16 Kings 55 14 1 DeMarcus Cousins
92%
1/25/16 Kings 56 12 4 DeMarcus Cousins
92%
3/27/19 Suns 50 10 4 Devin Booker
92%
12/2/04 Mavericks 53 15 2 Dirk Nowitzki
92%
3/14/09 Heat 50 10 9 Dwyane Wade
92%
11/25/19 Bucks 50 14 6 Giannis Antetokounmpo
92%
3/17/19 Bucks 52 16 7 Giannis Antetokounmpo
92%
3/30/19 Rockets 50 11 10 James Harden
92%
2/28/19 Rockets 58 7 10 James Harden
92%
1/23/19 Rockets 61 15 4 James Harden
92%
1/16/19 Rockets 58 10 6 James Harden
92%
12/13/18 Rockets 50 10 11 James Harden
92%
11/26/18 Rockets 54 8 13 James Harden
92%
1/30/18 Rockets 60 10 11 James Harden
92%
11/5/17 Rockets 56 2 13 James Harden
92%
1/27/17 Rockets 51 13 13 James Harden
92%
12/31/16 Rockets 53 16 17 James Harden
92%
3/19/15 Rockets 50 10 4 James Harden
92%
4/9/21 Celtics 53 10 4 Jayson Tatum
92%
1/2/17 Bulls 52 12 6 Jimmy Butler
92%
1/14/16 Bulls 53 10 6 Jimmy Butler
92%
3/28/18 Timberwolves 56 15 4 Karl-Anthony Towns
92%
11/29/18 Warriors 51 11 6 Kevin Durant
92%
3/21/14 Thunder 51 12 7 Kevin Durant
92%
1/28/20 Bucks 51 10 6 Khris Middleton
92%
3/28/08 Lakers 53 10 1 Kobe Bryant
92%
3/2/08 Lakers 53 11 4 Kobe Bryant
92%
12/15/06 Lakers 53 10 8 Kobe Bryant
92%
10/27/25 Jazz 51 14 3 Lauri Markkanen
92%
11/3/17 Cavaliers 57 11 7 LeBron James
92%
2/3/11 Heat 51 11 8 LeBron James
92%
2/4/09 Cavaliers 52 9 11 LeBron James
92%
3/5/08 Cavaliers 50 8 10 LeBron James
92%
3/20/05 Cavaliers 56 10 5 LeBron James
92%
2/6/21 Nuggets 50 8 12 Nikola Jokić
92%
4/9/17 Thunder 50 16 10 Russell Westbrook
92%
3/29/17 Thunder 57 13 11 Russell Westbrook
92%
10/28/16 Thunder 51 13 10 Russell Westbrook
92%
3/6/00 Lakers 61 23 3 Shaquille O'Neal
92%
12/26/01 Spurs 53 11 4 Tim Duncan
92%
11/5/08 Spurs 55 7 10 Tony Parker
92%
3/10/04 Magic 62 10 5 Tracy McGrady
92%
3/8/02 Magic 50 10 3 Tracy McGrady
92%
2/26/18 Pelicans 53 18 3 Anthony Davis
85%
3/23/12 Timberwolves 51 14 0 Kevin Love
85%
1/5/01 Kings 51 26 5 Chris Webber
77%
1/12/07 Supersonics 54 10 5 Ray Allen
77%
1/4/05 Pacers 55 11 3 Jermaine O'neal
69%
4/29/21 Rockets 50 5 11 Kevin Porter Jr.
38%
11/23/01 Hawks 50 12 5 Shareef Abdur-Rahim
31%
12/6/00 Warriors 51 13 5 Antawn Jamison
23%
12/3/00 Warriors 51 14 2 Antawn Jamison
23%
2/13/01 Nets 50 3 12 Stephon Marbury
15%
No matching quizzes found
Score Distribution
Percent of People with Each Score
Percentile by Number Answered
Your Score History
You have not taken this quiz